BSOP header

Gospels and tradition : (Record no. 17283)

MARC details
000 -LEADER
fixed length control field 00635nam a2200181 4500
008 - FIXED-LENGTH DATA ELEMENTS--GENERAL INFORMATION
fixed length control field 030421s1991 us 0 eng
020 ## - INTERNATIONAL STANDARD BOOK NUMBER
International Standard Book Number 0801083265
090 ## - LOCALLY ASSIGNED LC-TYPE CALL NUMBER (OCLC); LOCAL CALL NUMBER (OCLC)
Classification number (OCLC) (R) ; Classification number, CALL (RLIN) (NR) BS2555.2
Local cutter number (OCLC) ; Book number/undivided call number, CALL (RLIN) St3g
100 1# - MAIN ENTRY--PERSONAL NAME
Personal name Stein, Robert H.
245 10 - TITLE STATEMENT
Title Gospels and tradition :
Remainder of title studies on redaction criticism of the synoptic gospels /
Statement of responsibility, etc Robert H. Stein.
260 ## - PUBLICATION, DISTRIBUTION, ETC. (IMPRINT)
Place of publication, distribution, etc Michigan :
Name of publisher, distributor, etc Baker,
Date of publication, distribution, etc c1991.
300 ## - PHYSICAL DESCRIPTION
Extent 204 p.
504 ## - BIBLIOGRAPHY, ETC. NOTE
Bibliography, etc Biblio: pp. 189-200
650 #4 - SUBJECT ADDED ENTRY--TOPICAL TERM
Topical term or geographic name as entry element Bible. N.T. Gospels
General subdivision Criticism, Redaction.
650 #4 - SUBJECT ADDED ENTRY--TOPICAL TERM
Topical term or geographic name as entry element Bible. N.T. Mark
General subdivision Criticism, Redaction.
951 ## - EQUIVALENCE OR CROSS-REFERENCE-GEOGRAPHIC NAME/AREA NAME [OBSOLETE] [CAN/MARC only]
General subdivision 00004924
950 0# - LOCAL HOLDINGS (RLIN)
-- 2.95
951 ## - EQUIVALENCE OR CROSS-REFERENCE-GEOGRAPHIC NAME/AREA NAME [OBSOLETE] [CAN/MARC only]
-- 13511
-- BS2555.2/St3g
-- 070613111233515
-- 2000-12-21
-- GC
Holdings
Withdrawn status Lost status Damaged status Not for loan Home library Current library Shelving location Date acquired Accession number Shelving control number Total Checkouts Full call number Barcode Date last seen Price effective from Koha item type
        BSOP Library BSOP Library GC 12/21/2000 13511 127   BS2555.2/St3g 00004924 02/23/2013 02/23/2013 Books
BSOP

Biblical Seminary of the Philippines
  All rights Reserved
  © 2024

CONTACT INFORMATION

Biblical Seminary of the Philippines,
  77-B Karuhatan Road, Valenzuela City,
  PHILIPPINES 1441
  Phone: +632 8292-6795 / 8292-6798
  Fax : +632 8292-6675
  Email: library@bsop.edu.ph